|
|
|
|
| LEADER |
00990nam a2200253 a 4500 |
| 001 |
01034678 |
| 003 |
GR-PaULI |
| 008 |
931203s1972 gr u000 0 gre c |
| 040 |
|
|
|a GrPaTEI
|b gre
|c GR-PaULI
|
| 082 |
|
0 |
|a 330
|2 22
|
| 082 |
|
0 |
|a 343.034
|2 22
|
| 082 |
0 |
4 |
|a 336.3
|2 22
|
| 100 |
1 |
|
|a Shaw, Graham Keith
|
| 245 |
1 |
0 |
|a Δημοσιονομική πολιτική
|c G. K. Shaw.
|
| 260 |
|
|
|a Αθήνα :
|b Σάκκουλας,
|c 1972.
|
| 300 |
|
|
|a 103σ. ;
|b διαγ.,
|c 21 εκ.
|
| 490 |
0 |
|
|a Macmillan studies in economics ;
|v 9
|
| 504 |
|
|
|a Βιβλιογραφία: σ. 97-103
|
| 650 |
|
7 |
|a Δημόσια οικονομικά
|2 eurovocgr
|
| 650 |
|
7 |
|a Δημοσιονομική πολιτική
|2 eurovocgr
|
| 942 |
|
|
|2 ddc
|
| 952 |
|
|
|0 0
|1 0
|2 ddc
|4 0
|6 336_000000000000000_SHA
|7 0
|9 250772
|a MSLG
|b MSLG
|c BSC
|d 2021-01-17
|e 24
|f 0
|g 0.00
|l 0
|o 336 SHA
|p 2420000000489
|r 2021-01-17 00:00:00
|t 1
|w 2021-01-17
|y BK15
|x 19991111 0 1
|x GrPaTEI
|
| 971 |
|
|
|a .b13030437
|b 11-04-20
|c 28-08-15
|
| 999 |
|
|
|c 148836
|d 148836
|